| 000 | 00452nam a22001697a 4500 | ||
|---|---|---|---|
| 003 | NUST - PNEC | ||
| 005 | 20170116180930.0 | ||
| 008 | 150905b xxu||||| |||| 00| 0 eng d | ||
| 020 | _a8120324544 | ||
| 040 | _cLIBRARY | ||
| 082 | _a621.37 ANA | ||
| 100 |
_98217 _aAnand, M.M.S |
||
| 245 |
_aElectronic Instruments and instrumentation technology _cM.M.S. Anand |
||
| 260 | _cc.2004 | ||
| 650 |
_98216 _aElectronic Engineering _xEL |
||
| 942 |
_2ddc _cBK |
||
| 999 |
_c65890 _d65890 |
||